000 01054nam a22002537a 4500
005 20170124102955.0
010 _aA-611167
020 _c60.00
035 _aA-611167
037 _bCen Lib/Ret
040 _aDPL
_bHN
082 _a822
_bवाजपे
100 _aवाजपेयी, केलाश
_952931
245 _aयुवा सन्यासी :
_cकेलाश वाजपेयी
_bनाटक /
246 _aYuva sanyasi : natak /
_bby Kelash Vajpeyi
260 _aदिल्ली
_bभारतीय ज्ञानपीठ
_c1993
270 _bदिल्ली
_a18, इंस्टीटयुश्नल एरिया, लोधी रोड
_e110003
300 _a77पृ.
_c20सेमी(सजिल्द)
650 _aहिंदी साहित्य
_952932
650 _aहिंदी साहित्य -- नाटक
_952933
650 _aHindi literature
_952934
650 _aHindi literature -- Drama
_952935
942 _2ddc
_cHN
_h822
_mवाजपे
999 _c113589
_d113589